000 00718pam a2200229 a 4500
001 2579346
005 20180123084748.0
008 960619s1997 cau b 001 0 eng
010 _a 96021081
020 _a1559345705
040 _aDLC
_cDLC
_dDLC
041 _aeng
080 _a808.0427 DOL
082 0 0 _a808.0427 DOL
_220
100 1 _a50
101 _aPSI
245 1 0 _aIssues across the curriculum :
_cDolores laGuardia, Hans P. Guth.
504 _aIncludes bibliographical references and index.
906 _a7
_bcbc
_corignew
_d1
_eocip
_f19
_gy-gencatlg
942 _2ddc
_cBK
999 _c40798
_d40798